[Event "Senioren 2018"]
[Site "Bad Woerishofen"]
[Date "2018.02.27"]
[Round "5"]
[White "Schuessler, Thomas G"]
[Black "Collins, Alan"]
[Result "1/2-1/2"]
[WhiteElo "1811"]
[BlackElo "1641"]
[PlyCount "38"]
[EventDate "2018.??.??"]
[WhiteTeam "SC Wiesloch / SF Baiertal"]

1. e4 d6 2. d4 Nf6 3. Nc3 c6 4. f4 Qa5 5. Bd3 e5 6. fxe5 dxe5 7. dxe5 Ng4 8.
Be2 Nxe5 9. Nf3 Nxf3+ 10. Bxf3 Bc5 11. Qe2 Be6 12. Be3 Bxe3 13. Qxe3 Nd7 14.
O-O O-O 15. b3 Rad8 16. Rfd1 Ne5 17. a4 Ng4 18. Bxg4 Bxg4 19. Re1 Qb6 1/2-1/2

[Event "Senioren 2018"]
[Site "Bad Woerishofen"]
[Date "2018.02.27"]
[Round "5"]
[White "Schulz, Franz"]
[Black "Thiel, Harry"]
[Result "1-0"]
[WhiteElo "1630"]
[BlackElo "1632"]
[PlyCount "81"]
[EventDate "2018.??.??"]
[WhiteTeam "SV Ebersbach"]
[BlackTeam "Schachpinguine Berlin"]

1. b4 e5 2. a3 Nf6 3. Bb2 d5 4. e3 Bd6 5. c4 dxc4 6. Bxc4 O-O 7. Nf3 Bg4 8. d3
Nbd7 9. Nbd2 Nb6 10. Bb3 Rc8 11. O-O Nbd7 12. h3 Bh5 13. Rc1 c5 14. Nc4 Qe7 15.
b5 Bb8 16. Ncd2 Rcd8 17. Qc2 Bg6 18. e4 b6 19. Nh4 Nh5 20. Nxg6 hxg6 21. Nf3
Nf4 22. Rcd1 Rc8 23. Bc1 Ne6 24. Qd2 Kh8 25. Ng5 Nf4 26. Nf3 Rfd8 27. Qc2 Nf8
28. Bxf4 exf4 29. Bc4 Rd7 30. Qc3 f6 31. Rde1 Be5 32. Nxe5 fxe5 33. g3 g5 34.
Kg2 Rcd8 35. Rh1 Ne6 36. Qxe5 fxg3 37. Kxg3 Rd6 38. h4 Rxd3+ 39. Bxd3 Rxd3+ 40.
Re3 gxh4+ 41. Rxh4+ 1-0

[Event "Senioren 2018"]
[Site "Bad Woerishofen"]
[Date "2018.02.27"]
[Round "5"]
[White "Straesser, Gerda"]
[Black "Hansch, Klaus Michael"]
[Result "0-1"]
[WhiteElo "1658"]
[BlackElo "1888"]
[PlyCount "80"]
[EventDate "2018.??.??"]
[WhiteTeam "SV Rottweil"]
[BlackTeam "SC Weisse Dame (Berlin)"]

1. e4 d5 2. exd5 Nf6 3. Nc3 Nxd5 4. Nxd5 Qxd5 5. d4 Nc6 6. c3 Bf5 7. Be3 e6 8.
Nf3 Be7 9. Be2 O-O 10. O-O Bg4 11. h3 Bh5 12. Nh2 Bxe2 13. Qxe2 Bf6 14. Nf3 e5
15. dxe5 Nxe5 16. Nxe5 Qxe5 17. Rfe1 Qf5 18. Rad1 Qa5 19. Rd7 Rfe8 20. Qc4 Rf8
21. Red1 Rad8 22. Rxd8 Rxd8 23. Rxd8+ Bxd8 24. Qd4 Be7 25. Qxa7 Qxa7 26. Bxa7
b6 27. Kf1 Kf8 28. Ke2 Ke8 29. Kd3 Kd7 30. Kc4 Kc6 31. a4 Kb7 32. Bxb6 cxb6 33.
b4 Kc6 34. Kd4 Bg5 35. c4 Bd2 36. b5+ Kd6 37. f3 f5 38. Kd3 Bb4 39. Kd4 Bc5+
40. Kd3 Ke5 0-1

[Event "Senioren 2018"]
[Site "Bad Woerishofen"]
[Date "2018.02.27"]
[Round "5"]
[White "Traversi, Carlo"]
[Black "Reichwald, Klaus"]
[Result "0-1"]
[WhiteElo "1537"]
[BlackElo "1813"]
[PlyCount "68"]
[EventDate "2018.??.??"]
[BlackTeam "SC Lohhof"]

1. Nf3 Nf6 2. d4 d5 3. e3 Bf5 4. Nbd2 e6 5. c4 c6 6. Be2 Nbd7 7. a3 h6 8. b4
Bd6 9. c5 Bc7 10. Bb2 O-O 11. Ne5 Nxe5 12. dxe5 Nd7 13. f4 f6 14. exf6 Nxf6 15.
O-O Qe8 16. Nf3 Ne4 17. Ne5 Bxe5 18. Bxe5 Rd8 19. Bg4 Nf6 20. Bxf5 exf5 21. Rf3
Ne4 22. Qd4 Rd7 23. a4 Qe6 24. b5 Re8 25. Rb1 g5 26. g3 g4 27. Rff1 Qg6 28.
bxc6 bxc6 29. Rb2 h5 30. Rfb1 h4 31. Kg2 hxg3 32. Rb7 Qh7 33. Rxd7 Qxh2+ 34.
Kf1 Qf2# 0-1

[Event "Senioren 2018"]
[Site "Bad Woerishofen"]
[Date "2018.02.27"]
[Round "5"]
[White "Vonach, Bernhard"]
[Black "Harke, Horst"]
[Result "1-0"]
[WhiteElo "1938"]
[BlackElo "1789"]
[PlyCount "69"]
[EventDate "2018.??.??"]
[WhiteTeam "Sportfr.Windach"]
[BlackTeam "SK Varel"]

1. e4 e5 2. d4 d6 3. dxe5 dxe5 4. Qxd8+ Kxd8 5. Nf3 f6 6. Nc3 Bb4 7. Bd2 Be6 8.
O-O-O Kc8 9. Ne1 Ne7 10. Nd3 Nbc6 11. Nxb4 Nxb4 12. a3 Nbc6 13. Be3 a6 14. g3
b6 15. f4 Kb7 16. f5 Bf7 17. g4 Rhd8 18. Bd3 Nd4 19. h4 c5 20. Bxd4 cxd4 21.
Ne2 Rac8 22. Ng3 Rc7 23. g5 Rdc8 24. Rh2 b5 25. Kb1 Kb6 26. Rg1 Nc6 27. h5 fxg5
28. h6 g6 29. fxg6 Bxg6 30. Nf5 Na5 31. Rxg5 Rg8 32. Nh4 Nc6 33. Nxg6 Ne7 34.
Nxe7 Rxg5 35. Nd5+ 1-0

[Event "Senioren 2018"]
[Site "Bad Woerishofen"]
[Date "2018.02.27"]
[Round "5"]
[White "Zwetz, Anita"]
[Black "Suva, Karl"]
[Result "1-0"]
[WhiteElo "1842"]
[BlackElo "1572"]
[PlyCount "75"]
[EventDate "2018.??.??"]
[WhiteTeam "TSV Kareth-Lappersdorf"]
[BlackTeam "Union Sandersdorf"]

1. d4 Nf6 2. Bg5 e6 3. Nf3 b6 4. e4 Bb7 5. Bd3 Be7 6. Qe2 O-O 7. Nbd2 Nc6 8. c3
Ne8 9. Bf4 f5 10. exf5 exf5 11. h4 Na5 12. h5 Rf6 13. O-O-O h6 14. Be5 Rf8 15.
Rde1 Bd6 16. Nc4 Nxc4 17. Bxc4+ Kh8 18. Bd3 c5 19. Nh4 Rf7 20. Bxd6 Nxd6 21.
Ng6+ Kg8 22. dxc5 bxc5 23. Qe5 Ne4 24. Bxe4 Bxe4 25. f3 Bc6 26. Qxc5 Qg5+ 27.
Kb1 Qxg2 28. Ne7+ Kh7 29. Nxc6 dxc6 30. Qxc6 Rb8 31. b3 Rfb7 32. Qd5 Rb5 33.
Qd1 Ra5 34. Qe2 Qg3 35. Rhg1 Qd6 36. Rg6 Qa3 37. Qb2 Qd6 38. Rxd6 1-0

[Event "Senioren 2018"]
[Site "Bad Woerishofen"]
[Date "2018.02.28"]
[Round "6"]
[White "Aigner, Georg"]
[Black "Gailis, Gunnar"]
[Result "1/2-1/2"]
[WhiteElo "1841"]
[BlackElo "1746"]
[PlyCount "68"]
[EventDate "2018.??.??"]
[WhiteTeam "SC Taufkirchen"]
[BlackTeam "SV Hilden"]

1. e4 e6 2. d4 d5 3. Nd2 Nf6 4. e5 Nfd7 5. Bd3 c5 6. c3 Qb6 7. Ne2 cxd4 8. cxd4
Nc6 9. Nb3 a5 10. a4 Bb4+ 11. Kf1 Be7 12. Be3 O-O 13. h4 f6 14. Nf4 Ndb8 15.
Qh5 f5 16. Bb5 Bd7 17. Qf3 Na6 18. Rc1 Rac8 19. g3 Nc7 20. Bxc6 Bxc6 21. Nc5
Bxc5 22. Rxc5 Bxa4 23. Kg2 Na6 24. Rcc1 Bc2 25. Qe2 Ba4 26. h5 Bb5 27. Qd2 Bd7
28. Nd3 Rxc1 29. Rxc1 Rc8 30. Rxc8+ Bxc8 31. Qc2 Bd7 32. Nc5 Nxc5 33. dxc5 Qc7
34. Qc3 Qc6 1/2-1/2

[Event "Senioren 2018"]
[Site "Bad Woerishofen"]
[Date "2018.02.28"]
[Round "6"]
[White "Beck, Andreas"]
[Black "Kirchner, Ulrich"]
[Result "1-0"]
[WhiteElo "1802"]
[BlackElo "1643"]
[PlyCount "93"]
[EventDate "2018.??.??"]
[WhiteTeam "TSV Malschenberg"]
[BlackTeam "SF Blaustein"]

1. Nf3 d5 2. g3 Nf6 3. Bg2 c6 4. d3 Bg4 5. O-O e6 6. Nbd2 Bc5 7. e4 dxe4 8.
dxe4 O-O 9. e5 Nfd7 10. Qe1 Qc7 11. h3 Bf5 12. Ne4 Be7 13. Bf4 Bxe4 14. Qxe4
Nc5 15. Qe2 Rd8 16. Rad1 Nbd7 17. h4 Nf8 18. Ng5 h6 19. Ne4 Nxe4 20. Bxe4 Rxd1
21. Rxd1 Rd8 22. Bd3 Ng6 23. Qe4 Qb6 24. h5 Nf8 25. g4 Rd4 26. Qf3 Bg5 27. Be3
Bxe3 28. fxe3 Rd5 29. Rf1 Rd7 30. Qf4 Nh7 31. Bxh7+ Kxh7 32. b3 Qd8 33. Rf2
Rd1+ 34. Rf1 Kg8 35. Qxf7+ Kh8 36. Qxe6 Rxf1+ 37. Kxf1 Qd1+ 38. Kf2 Qxc2+ 39.
Kg3 Qe4 40. Qc8+ Kh7 41. Qf5+ Qxf5 42. gxf5 Kg8 43. Kf4 Kf7 44. Ke4 Ke7 45. Kd4
b6 46. b4 a6 47. a4 1-0

[Event "Senioren 2018"]
[Site "Bad Woerishofen"]
[Date "2018.02.28"]
[Round "6"]
[White "Bhend, Edwin"]
[Black "Kierzek, Mira"]
[Result "1/2-1/2"]
[WhiteElo "2097"]
[BlackElo "1977"]
[PlyCount "37"]
[EventDate "2018.??.??"]
[BlackTeam "SC Fulda"]

1. b3 d5 2. Bb2 Nf6 3. e3 c6 4. Nf3 Bg4 5. c4 e6 6. Be2 Be7 7. O-O O-O 8. d3
Nbd7 9. Nbd2 Qc7 10. cxd5 exd5 11. Nd4 Bxe2 12. Qxe2 g6 13. N2f3 Rfe8 14. Qc2
Rac8 15. Rfc1 Bd6 16. Qd2 a6 17. h3 Qb6 18. Bc3 Qd8 19. Re1 1/2-1/2

[Event "Senioren 2018"]
[Site "Bad Woerishofen"]
[Date "2018.02.28"]
[Round "6"]
[White "Birkestrand, Odd"]
[Black "Schuessler, Thomas G"]
[Result "1/2-1/2"]
[WhiteElo "1686"]
[BlackElo "1811"]
[PlyCount "36"]
[EventDate "2018.??.??"]
[BlackTeam "SC Wiesloch / SF Baiertal"]

1. e4 d5 2. exd5 Qxd5 3. Nf3 Bg4 4. Be2 Nc6 5. Nc3 Qd7 6. O-O O-O-O 7. d3 e5 8.
a3 f6 9. b4 a6 10. Bd2 Na7 11. Rb1 Bxf3 12. Bxf3 Ne7 13. Be3 Nb5 14. Nxb5 axb5
15. Qc1 Nf5 16. g3 Nxe3 17. Qxe3 Qd4 18. Qe4 Qxe4 1/2-1/2

[Event "Senioren 2018"]
[Site "Bad Woerishofen"]
[Date "2018.02.28"]
[Round "6"]
[White "Blutharsch, Walter"]
[Black "Braeu, Wolfgang"]
[Result "0-1"]
[WhiteElo "1860"]
[BlackElo "1878"]
[PlyCount "70"]
[EventDate "2018.??.??"]
[WhiteTeam "VfL Sindelfingen"]
[BlackTeam "SF Buchenberg"]

1. d4 g6 2. c4 Bg7 3. Nc3 d6 4. e4 Nc6 5. Be3 e5 6. d5 Nd4 7. Qd2 c5 8. Bd3 a6
9. Nge2 Nf6 10. h3 Bd7 11. f4 Nh5 12. O-O-O Qa5 13. Kb1 b5 14. cxb5 axb5 15. a3
Nb3 16. Qe1 b4 17. Na2 exf4 18. Bd2 Bxb2 19. Bc4 Nxd2+ 20. Qxd2 Be5 21. axb4
cxb4 22. Bb3 O-O 23. Rc1 Ng3 24. Rhe1 Nxe2 25. Rxe2 f5 26. Rc4 fxe4 27. Rxb4 e3
28. Qe1 Bf5+ 29. Kc1 Rfc8+ 30. Kd1 Qa3 31. Rb7 Ra7 32. Qb4 Qxb4 33. Rxb4 Rac7
34. g3 fxg3 35. Rxe3 g2 0-1

[Event "Senioren 2018"]
[Site "Bad Woerishofen"]
[Date "2018.02.28"]
[Round "6"]
[White "Braun, Erhard"]
[Black "Richter, Stefan"]
[Result "1/2-1/2"]
[WhiteElo "1932"]
[BlackElo "1698"]
[PlyCount "50"]
[EventDate "2018.??.??"]
[WhiteTeam "SC Heusweiler"]
[BlackTeam "SZ Langenberg"]

1. e4 c5 2. Nf3 d6 3. d4 cxd4 4. Nxd4 e5 5. Nb3 Be7 6. Nc3 Nf6 7. Be2 a6 8. O-O
h5 9. Bg5 Ng4 10. Bxe7 Qxe7 11. Nd5 Qd8 12. c4 b6 13. Qd3 Ra7 14. h3 Nf6 15. f4
Nxd5 16. exd5 Nd7 17. Nd2 Nc5 18. Qg3 Qf6 19. b4 exf4 20. Qxf4 Qxf4 21. Rxf4
Nd7 22. Ne4 Ke7 23. Ng5 Ne5 24. Raf1 f6 25. Nf3 Kd8 1/2-1/2

[Event "Senioren 2018"]
[Site "Bad Woerishofen"]
[Date "2018.02.28"]
[Round "6"]
[White "Collins, Alan"]
[Black "Fitzke, Ulrich"]
[Result "1/2-1/2"]
[WhiteElo "1641"]
[BlackElo "1812"]
[PlyCount "35"]
[EventDate "2018.??.??"]
[BlackTeam "SV Bau-Union (Berlin)"]

1. f4 d5 2. Nf3 Nf6 3. d3 e6 4. g3 c5 5. Bg2 Nc6 6. O-O Bd6 7. Na3 O-O 8. c3
Bd7 9. Re1 e5 10. fxe5 Nxe5 11. Nxe5 Bxe5 12. Bg5 Bc6 13. e4 dxe4 14. Bxe4 Bxe4
15. Rxe4 Re8 16. Qe2 h6 17. Bxf6 Bxf6 18. Re1 1/2-1/2

[Event "Senioren 2018"]
[Site "Bad Woerishofen"]
[Date "2018.02.28"]
[Round "6"]
[White "De Polzer, Manfredi"]
[Black "Rothenhagen, Siegfried"]
[Result "1-0"]
[WhiteElo "1515"]
[BlackElo "1775"]
[PlyCount "125"]
[EventDate "2018.??.??"]
[BlackTeam "Sportfr.Windach"]

1. d4 Nf6 2. c4 e5 3. dxe5 Ng4 4. Nc3 Nxe5 5. e4 Bb4 6. Bd2 O-O 7. a3 Bxc3 8.
Bxc3 d6 9. Be2 Be6 10. b3 Nbd7 11. f4 Nc6 12. f5 Qh4+ 13. Kf1 Qxe4 14. fxe6
fxe6+ 15. Nf3 Nde5 16. Qb1 Qxb1+ 17. Rxb1 g5 18. Ke1 Nf7 19. Nd4 e5 20. Nxc6
bxc6 21. Ba5 d5 22. Bxc7 Rac8 23. Ba5 d4 24. Rf1 Nd6 25. c5 Nb7 26. Rxf8+ Rxf8
27. b4 Rb8 28. Bc7 Re8 29. Bc4+ Kg7 30. Ba6 Nd8 31. Ke2 Ne6 32. Bxe5+ Kh6 33.
Kf3 Nxc5 34. bxc5 Rxe5 35. Rb3 Rxc5 36. Bd3 Kg7 37. Ke4 Kf6 38. Kxd4 Rd5+ 39.
Ke4 h5 40. Kf3 Rd7 41. h3 Rd4 42. Ke3 Rd7 43. Rc3 Rc7 44. Kd4 Ke6 45. Kc5 Ke5
46. Rc4 Rd7 47. Re4+ Kf6 48. Re3 Rd5+ 49. Kxc6 Ra5 50. Bc4 Kf5 51. Bb5 a6 52.
Bd3+ Kf6 53. Rf3+ Kg7 54. Bc4 Re5 55. Bxa6 Re6+ 56. Kb5 Re2 57. Rg3 Re5+ 58.
Kb4 Kf6 59. a4 Ke7 60. Bc4 Kd6 61. Rd3+ Kc6 62. Rd5 Re8 63. Bb5+ 1-0

[Event "Senioren 2018"]
[Site "Bad Woerishofen"]
[Date "2018.02.28"]
[Round "6"]
[White "Di Lazzaro, Gabriele"]
[Black "Flockerzi, Armin"]
[Result "1/2-1/2"]
[WhiteElo "1899"]
[BlackElo "1772"]
[PlyCount "121"]
[EventDate "2018.??.??"]
[BlackTeam "VfR-SC Koblenz"]

1. d4 d5 2. Nf3 Nf6 3. Bf4 e6 4. e3 Nbd7 5. Bd3 Be7 6. Nbd2 b6 7. Qe2 Bb7 8. h3
a6 9. c3 c5 10. O-O c4 11. Bc2 b5 12. a3 O-O 13. Bh2 Ne4 14. Nxe4 dxe4 15. Nd2
f5 16. f3 exf3 17. Nxf3 g6 18. Nd2 Qb6 19. e4 Bd6 20. exf5 Bxh2+ 21. Kxh2 exf5
22. Rae1 Nf6 23. Qe6+ Qxe6 24. Rxe6 Rae8 25. Rfe1 Kf7 26. Rxe8 Rxe8 27. Rxe8
Nxe8 28. Kg3 h6 29. Bd1 Nd6 30. Bf3 Kf6 31. Bxb7 Nxb7 32. Nf3 Nd6 33. Nd2 g5
34. Kf3 Ke6 35. g3 Kd5 36. Nf1 a5 37. Ne3+ Ke6 38. h4 Kf6 39. Nd5+ Ke6 40. Ne3
Kf6 41. Nf1 Ke6 42. Ke3 Kf6 43. Nd2 Ke6 44. b3 cxb3 45. Nxb3 Nc4+ 46. Kd3 a4
47. Nc5+ Kd6 48. Nxa4 Nxa3 49. Nb2 Kd5 50. hxg5 hxg5 51. Nd1 Ke6 52. Ne3 Kf6
53. c4 bxc4+ 54. Kc3 Nb5+ 55. Kxc4 Nd6+ 56. Kd5 Nb5 57. Kc5 Nc3 58. d5 Ne4+ 59.
Kc6 f4 60. gxf4 gxf4 61. Nf1 1/2-1/2

[Event "Senioren 2018"]
[Site "Bad Woerishofen"]
[Date "2018.02.28"]
[Round "6"]
[White "Eichler, Gottfried"]
[Black "Daeubler, Heinrich"]
[Result "1/2-1/2"]
[WhiteElo "2025"]
[BlackElo "2182"]
[PlyCount "38"]
[EventDate "2018.??.??"]
[WhiteTeam "SV Bad Bevensen"]
[BlackTeam "SC Haselmühl"]

1. f4 g6 2. Nf3 Bg7 3. e4 d6 4. d4 c5 5. dxc5 Qa5+ 6. c3 Qxc5 7. Bd3 Nc6 8. Qe2
Nf6 9. Be3 Qa5 10. Nbd2 O-O 11. h3 Nh5 12. Nb3 Qc7 13. Qf2 Bh6 14. Ng5 Bxg5 15.
fxg5 d5 16. exd5 Ne5 17. O-O-O Nxd3+ 18. Rxd3 Bf5 19. Rdd1 Ng3 1/2-1/2

[Event "Senioren 2018"]
[Site "Bad Woerishofen"]
[Date "2018.02.28"]
[Round "6"]
[White "Erdmann, Wolfgang"]
[Black "Traversi, Carlo"]
[Result "0-1"]
[WhiteElo "1731"]
[BlackElo "1537"]
[PlyCount "150"]
[EventDate "2018.??.??"]
[WhiteTeam "SC Roter Turm Altstadt"]

1. d4 Nf6 2. Nf3 g6 3. e3 Bg7 4. Bd3 d5 5. Nbd2 c6 6. O-O O-O 7. Qe2 Nbd7 8. e4
dxe4 9. Nxe4 Nxe4 10. Bxe4 Nf6 11. Bd3 Be6 12. c3 Qa5 13. a3 Rfe8 14. Bd2 Qh5
15. Bf4 Bg4 16. Rae1 Bxf3 17. Qxf3 Qxf3 18. gxf3 Nh5 19. Be3 e5 20. Rd1 exd4
21. cxd4 Rad8 22. Bc4 Nf6 23. Rfe1 h6 24. Kf1 Nd5 25. Kg2 Re7 26. Re2 Rde8 27.
Rde1 Nb6 28. Bd3 Nd5 29. Bc4 Nc7 30. Rd1 g5 31. h3 Rd7 32. Red2 Red8 33. Kg3
Nd5 34. h4 Bf6 35. Bxd5 Rxd5 36. h5 Be7 37. f4 Bd6 38. Kg4 f5+ 39. Kg3 gxf4+
40. Bxf4 Rd7 41. Kf3 Kg7 42. Rg1+ Kh7 43. Rg6 Bxf4 44. Kxf4 Rxd4+ 45. Rxd4
Rxd4+ 46. Ke3 Rh4 47. Rf6 Rxh5 48. Rf7+ Kg6 49. Rxb7 f4+ 50. Kxf4 a5 51. Rb6
Rc5 52. Ke3 Kg5 53. Kf3 h5 54. Kg2 h4 55. Rb8 Rc4 56. Kh3 Rc2 57. Rg8+ Kf6 58.
Rg4 Rxf2 59. Rxh4 Rxb2 60. Rh6+ Ke5 61. Rxc6 Rb5 62. Rc3 Kd4 63. Rg3 Kc5 64.
Rc3+ Kd4 65. Rg3 Ke4 66. Rc3 Kf5 67. Kg3 a4 68. Kf2 Rb3 69. Re3 Kf4 70. Re8
Rxa3 71. Ke2 Ra1 72. Kd3 a3 73. Re2 a2 74. Rd2 Ke5 75. Rc2 Rd1+ 0-1

[Event "Senioren 2018"]
[Site "Bad Woerishofen"]
[Date "2018.02.28"]
[Round "6"]
[White "Gepting, Konrad"]
[Black "Dallmeier, Gerhard"]
[Result "0-1"]
[WhiteElo "1585"]
[BlackElo "1790"]
[PlyCount "86"]
[EventDate "2018.??.??"]
[WhiteTeam "SK Marktoberdorf"]
[BlackTeam "Roland Weißenfels"]

1. b3 Nf6 2. Bb2 g6 3. d4 Bg7 4. e3 d6 5. h3 O-O 6. Nc3 Nbd7 7. Bd3 e5 8. Nge2
Re8 9. Qd2 a6 10. O-O-O e4 11. Bc4 Nb6 12. d5 Nxc4 13. bxc4 Bd7 14. Nd4 b5 15.
Nc6 Bxc6 16. dxc6 bxc4 17. Nd5 Nxd5 18. Bxg7 Kxg7 19. Qxd5 Re5 20. Qxc4 Qf6 21.
Rhf1 Rf5 22. f4 exf3 23. gxf3 Rxf3 24. Rxf3 Qxf3 25. Rf1 Qxe3+ 26. Kd1 Qe6 27.
Qc3+ Qe5 28. Rf3 Qxc3 29. Rxc3 Rb8 30. Kd2 Rb5 31. Kd3 f5 32. Kd4 Kf6 33. h4
Ke6 34. Re3+ Re5 35. c4 Rxe3 36. Kxe3 Ke5 37. a4 a5 38. Kd3 h6 39. Ke3 g5 40.
h5 g4 41. Kf2 f4 42. Kg2 Ke4 43. Kf2 Kd4 0-1

[Event "Senioren 2018"]
[Site "Bad Woerishofen"]
[Date "2018.02.28"]
[Round "6"]
[White "Giacchino, Claudio"]
[Black "Reimann, Guenther"]
[Result "0-1"]
[WhiteElo "1650"]
[BlackElo "1893"]
[PlyCount "104"]
[EventDate "2018.??.??"]
[BlackTeam "SC Magstadt"]

1. e4 e6 2. d3 d5 3. Nd2 Nf6 4. Ngf3 Nc6 5. c3 e5 6. g3 dxe4 7. dxe4 Bg4 8. Bg2
Qd3 9. Qe2 Qxe2+ 10. Kxe2 Bc5 11. Re1 O-O 12. Kf1 Rad8 13. b4 Bd6 14. Nc4 Nd7
15. Be3 a6 16. Rad1 Be7 17. Rd2 Be6 18. Nb2 Nf6 19. Red1 Bxa2 20. Ne1 Ng4 21.
h3 Nxe3+ 22. fxe3 Bb3 23. Rxd8 Rxd8 24. Rxd8+ Bxd8 25. Kf2 Be6 26. Ke2 Be7 27.
Kd2 f6 28. g4 Na7 29. Bf1 Kf7 30. Be2 Nc8 31. h4 Nd6 32. Kd3 b5 33. Nf3 Nc4 34.
Nd1 Nb6 35. Nb2 c5 36. bxc5 Bxc5 37. Nd2 Kg6 38. Bd1 Ba3 39. Kc2 Bxb2 40. Kxb2
Nc4+ 41. Nxc4 Bxc4 42. Bf3 a5 43. Kc2 Kf7 44. Kb2 Bd3 45. Ka3 Ke6 46. Kb3 Kd6
47. Ka3 Kc5 48. Kb3 a4+ 49. Ka3 Kc4 50. Kb2 a3+ 51. Kxa3 Kxc3 52. Ka2 b4 0-1

[Event "Senioren 2018"]
[Site "Bad Woerishofen"]
[Date "2018.02.28"]
[Round "6"]
[White "Gottwald, Helmut"]
[Black "Goris Schouwstra, Adry"]
[Result "0-1"]
[WhiteElo "1569"]
[BlackElo "1733"]
[PlyCount "128"]
[EventDate "2018.??.??"]
[WhiteTeam "SV Dicker Turm Esslingen"]

1. e4 e6 2. d4 d5 3. exd5 exd5 4. Nf3 Bd6 5. Bg5 f6 6. Bh4 Ne7 7. Bg3 Bf5 8.
Bd3 O-O 9. O-O Nbc6 10. c3 Qd7 11. Qc2 Rae8 12. Bxd6 Bxd3 13. Qxd3 Qxd6 14.
Nbd2 Ng6 15. g3 Qd7 16. Rfe1 a6 17. Qf1 Nd8 18. Rxe8 Rxe8 19. Re1 Kf7 20. Rxe8
Qxe8 21. Qb1 Qe6 22. Kh1 h5 23. Qf1 c6 24. Ng1 h4 25. Qe2 Qf5 26. Ndf3 hxg3 27.
fxg3 Ne6 28. a3 Ng5 29. Qf2 Qe4 30. Kg2 f5 31. Qe2 Nxf3 32. Qxf3 Kf6 33. Kf2
Nf8 34. Qh5 Ng6 35. Qf3 Qc2+ 36. Qe2 Qc1 37. Nf3 Qb1 38. Ne5 Nf8 39. Nf3 Qe4
40. Qe3 Ne6 41. Qe2 g5 42. Nd2 Qxe2+ 43. Kxe2 g4 44. Nf1 c5 45. Ke3 b6 46. a4
c4 47. Nd2 Kg5 48. b4 f4+ 49. gxf4+ Nxf4 50. Nb1 Nd3 51. Nd2 a5 52. bxa5 bxa5
53. Nxc4 dxc4 54. d5 Kf5 55. Kd4 Nb2 56. Kc5 Ke5 57. d6 Nxa4+ 58. Kb5 Nxc3+ 59.
Kxc4 Kxd6 60. Kxc3 Kc5 61. Kb3 Kd4 62. Ka4 Ke3 63. Kxa5 Kf3 64. Kb4 Kg2 0-1

[Event "Senioren 2018"]
[Site "Bad Woerishofen"]
[Date "2018.02.28"]
[Round "6"]
[White "Gulinelli, Euro"]
[Black "Schinnerl, Werner"]
[Result "0-1"]
[WhiteElo "1532"]
[BlackElo "1866"]
[PlyCount "50"]
[EventDate "2018.??.??"]

1. e4 c5 2. Nf3 d6 3. d4 cxd4 4. Nxd4 Nf6 5. Nc3 g6 6. h3 Bg7 7. Be3 O-O 8. Be2
Nc6 9. Qd2 d5 10. Nxc6 bxc6 11. e5 Nd7 12. f4 e6 13. Bf2 f6 14. exf6 Qxf6 15.
Bg3 Nc5 16. O-O d4 17. Nd1 Ne4 18. Qd3 Nxg3 19. Qxg3 Bh6 20. Qa3 Qh4 21. Qd6
Bxf4 22. Qxc6 Rb8 23. Bf3 Rb6 24. Qa8 Qg3 25. Qxa7 Ba6 0-1

[Event "Senioren 2018"]
[Site "Bad Woerishofen"]
[Date "2018.02.28"]
[Round "6"]
[White "Hansch, Klaus Michael"]
[Black "Schmidt, Eugen"]
[Result "1/2-1/2"]
[WhiteElo "1888"]
[BlackElo "1985"]
[PlyCount "61"]
[EventDate "2018.??.??"]
[WhiteTeam "SC Weisse Dame (Berlin)"]
[BlackTeam "SC Iffezheim"]

1. e4 g6 2. d4 Bg7 3. Nc3 d6 4. Bg5 h6 5. Be3 Nf6 6. h3 O-O 7. Nf3 c6 8. Bc4 b5
9. Bd3 Qc7 10. a3 e5 11. dxe5 dxe5 12. O-O Nbd7 13. Re1 a6 14. Ne2 Bb7 15. Ng3
Rad8 16. Qe2 Rfe8 17. Rad1 Nf8 18. c4 Ne6 19. cxb5 cxb5 20. Bb1 Nf4 21. Qc2 Qb8
22. Rxd8 Rxd8 23. Rd1 Rc8 24. Qd2 Kh7 25. Qd6 N6h5 26. Nxh5 Nxh5 27. Qxb8 Rxb8
28. Rd7 Nf6 29. Rxf7 Bxe4 30. Bxe4 Nxe4 31. Ra7 1/2-1/2

[Event "Senioren 2018"]
[Site "Bad Woerishofen"]
[Date "2018.02.28"]
[Round "6"]
[White "Harke, Horst"]
[Black "Chochoy, Patrick"]
[Result "1-0"]
[WhiteElo "1789"]
[BlackElo "1604"]
[PlyCount "75"]
[EventDate "2018.??.??"]
[WhiteTeam "SK Varel"]

1. d4 Nf6 2. c4 g6 3. Nc3 Bg7 4. e4 d6 5. Nf3 O-O 6. Be2 e5 7. d5 a5 8. O-O Na6
9. Ne1 Nc5 10. f3 Nh5 11. Nd3 Nxd3 12. Bxd3 f5 13. Bd2 f4 14. Be1 Bf6 15. Kf2
Bg7 16. Kg1 Bf6 17. Ne2 g5 18. g4 Ng7 19. Kg2 h5 20. h3 Bd7 21. b4 axb4 22.
Bxb4 b6 23. Bc2 Kf7 24. Bb3 Be7 25. a4 Qc8 26. Nc1 Kg6 27. Nd3 Ne8 28. Nxe5+
Kf6 29. Nxd7+ Qxd7 30. Bc3+ Kg6 31. e5 dxe5 32. Bxe5 Bf6 33. Bc2+ Kh6 34. Qd3
Qf7 35. Bxf6 Nxf6 36. Rae1 Rae8 37. Re6 Qh7 38. Rxf6+ 1-0

[Event "Senioren 2018"]
[Site "Bad Woerishofen"]
[Date "2018.02.28"]
[Round "6"]
[White "Helbig, Dieter"]
[Black "Lainburg, Viktor"]
[Result "0-1"]
[WhiteElo "1784"]
[BlackElo "1960"]
[PlyCount "54"]
[EventDate "2018.??.??"]
[WhiteTeam "SK Weilheim"]
[BlackTeam "SC Weiße Dame Ulm"]

1. c4 Nf6 2. Nc3 c5 3. g3 e6 4. Bg2 d5 5. d3 Be7 6. e3 O-O 7. b3 Nc6 8. Nge2
dxc4 9. bxc4 Ne5 10. d4 Nxc4 11. O-O e5 12. Rb1 Rb8 13. d5 Bf5 14. e4 Bd7 15.
Nb5 a6 16. Na3 Nxa3 17. Bxa3 Bd6 18. Bb2 Qe7 19. a4 b5 20. axb5 axb5 21. Qc2
Ra8 22. f4 Rfc8 23. Ra1 c4 24. fxe5 Bxe5 25. Nd4 Rxa1 26. Rxa1 b4 27. Ra7 Qc5
0-1

[Event "Senioren 2018"]
[Site "Bad Woerishofen"]
[Date "2018.02.28"]
[Round "6"]
[White "Henrichsen, Erland"]
[Black "Halli, Gerhard"]
[Result "0-1"]
[WhiteElo "2009"]
[BlackElo "1898"]
[PlyCount "68"]
[EventDate "2018.??.??"]
[BlackTeam "SK Sandhausen"]

1. Nf3 d5 2. c4 e6 3. e3 Nf6 4. Nc3 Be7 5. b3 O-O 6. Qc2 c5 7. Bb2 Nc6 8. a3 a5
9. Be2 d4 10. Ne4 e5 11. Nfg5 Nxe4 12. Nxe4 f5 13. Ng3 g6 14. O-O Be6 15. f4
exf4 16. exf4 Bf6 17. Bd3 Qd7 18. Rae1 Rae8 19. Qd1 Re7 20. Kh1 Ree8 21. Ne2
Qd6 22. Ng1 Bd7 23. g3 Nd8 24. Nf3 Bc6 25. Kg2 Nf7 26. h4 Be4 27. Bxe4 fxe4 28.
Ng5 Qc6 29. Nh3 Nd6 30. Kh2 Nf5 31. Rg1 e3 32. dxe3 Nxe3 33. Qd2 h5 34. Qd3
Ng4# 0-1

[Event "Senioren 2018"]
[Site "Bad Woerishofen"]
[Date "2018.02.28"]
[Round "6"]
[White "Hohler, Peter"]
[Black "Leutz, Hans"]
[Result "1-0"]
[WhiteElo "2105"]
[BlackElo "1957"]
[PlyCount "105"]
[EventDate "2018.??.??"]
[BlackTeam "SV Ebersbach"]

1. Nf3 d5 2. d4 Nf6 3. c4 e6 4. Nc3 c6 5. e3 Nbd7 6. Bd3 dxc4 7. Bxc4 b5 8. Be2
a6 9. O-O c5 10. d5 exd5 11. Nxd5 Bb7 12. Nxf6+ Nxf6 13. a4 Qxd1 14. Rxd1 b4
15. Ne5 Be7 16. f3 O-O 17. e4 Rfd8 18. Be3 Bd6 19. Nc4 Be7 20. Na5 Rxd1+ 21.
Rxd1 Bc8 22. Nb3 Nd7 23. f4 Ra7 24. Rc1 Rc7 25. h3 Bb7 26. Bd3 Nf6 27. Nxc5
Bxc5 28. Rxc5 Rxc5 29. Bxc5 Nxe4 30. Bxb4 Nf6 31. Kf2 g6 32. g4 Nd7 33. a5 Nb8
34. Bc5 Nc6 35. b4 Kg7 36. Ke3 Kf6 37. g5+ Kg7 38. h4 h6 39. Bc4 hxg5 40. hxg5
Kg8 41. Bd6 Kg7 42. Bc5 Kg8 43. Kd3 Kg7 44. Kc3 Nd8 45. b5 axb5 46. Bxb5 Ne6
47. Bd6 f6 48. Bc4 Kf7 49. a6 Ba8 50. Kb4 fxg5 51. fxg5 Bc6 52. Ka5 Be4 53. Kb6
1-0

[Event "Senioren 2018"]
[Site "Bad Woerishofen"]
[Date "2018.02.28"]
[Round "6"]
[White "Kalepky, Helmut"]
[Black "Gundersen, Helge"]
[Result "0-1"]
[WhiteElo "1974"]
[BlackElo "2106"]
[PlyCount "48"]
[EventDate "2018.??.??"]
[WhiteTeam "SF Heidesheim"]

1. e4 e6 2. c4 d5 3. e5 d4 4. Bd3 Nc6 5. f4 f5 6. Nf3 Be7 7. b3 Nh6 8. Ba3 O-O
9. Bxe7 Qxe7 10. Qe2 b6 11. O-O Bb7 12. h3 Nb4 13. Ng5 Nf7 14. Nxf7 Rxf7 15. a3
Nxd3 16. Qxd3 c5 17. Qg3 Kh8 18. d3 g5 19. Ra2 Rg8 20. Rff2 Rfg7 21. Kh2 gxf4
22. Qxf4 Rg5 23. Rae2 Qg7 24. Qd2 Rg3 0-1